Quiz o Yeti - Statystyki

Ogólne statystyki
  • Ten quiz został rozwiązany 131 razy
  • Średni wynik to 8 z 15
Statystyki odpowiedzi
Pytanie Odpowiedź % Poprawnych
Jak nazywają się góry, gdzie według legend żyje Yeti? Himalaje
90%
Jakiego koloru futro najczęściej przypisuje się Yeti w filmach i bajkach? Białe/Szare
89%
Ile metrów wzrostu według legend może mieć Yeti? 2-3m
81%
W jakim państwie najczęściej pojawiają się opowieści o Yeti? Nepal
81%
Jak nazywa się amerykańska wersja Yeti, która rzekomo żyje w lasach Ameryki Północnej? Wielka Stopa
78%
Jakie zwierzę przypomina Yeti swoim wyglądem? Małpę/Goryla
74%
W jakim klimacie według legend żyje Yeti? Górskim
73%
W którym wieku zaczęto na poważnie badać legendy o Yeti? XX
67%
Co Yeti rzekomo robi, gdy widzi człowieka? Ucieka/chowa się
60%
Jakie zachodnie państwo wysłało ekspedycje, by szukać Yeti w latach 50.? Wielka Brytania
35%
W jakich państwach rzekomo znaleziono włosy, które uznano za należące do Yeti? (wymień oba) Nepal | Bhutan
16%
Jaką część ciała Yeti rzekomo przechowywano w klasztorze w Pangboche? Czaszkę
5%
Czego często używano do szukania śladów Yeti? Aparatów
2%
Co symbolizuje Yeti w kulturze himalajskiej? Tajemnicę gór
2%
Jakie zwierzę naukowcy uznali za źródło niektórych „dowodów” na Yeti? Niedźwiedzia himalajskiego
1%
Nie znaleziono quizów pasujących do podanych kryteriów
Rozkład punktacji
Procent ludzi z każdym wynikiem
Percentyl według liczby udzielonych odpowiedzi
Twoja historia wyników
Nie rozwiązałeś tego quizu